Catálogo
 En Linea

La soberana del campo de oro / (Registro nro. 23415)

Detalles MARC
000 -CABECERA
campo de control de longitud fija 00564nam a2200193 a 4500
001 - NÚMERO DE CONTROL
campo de control 000023919
005 - FECHA Y HORA DE LA ÚLTIMA TRANSACCIÓN
campo de control 20200930022553.0
008 - DATOS DE LONGITUD FIJA--INFORMACIÓN GENERAL
campo de control de longitud fija 110117s1972 sp r 000 0 spa d
040 ## - FUENTE DE LA CATALOGACIÓN
Centro catalogador/agencia de origen DO-SdBNP
Lengua de catalogación spa
Centro/agencia transcriptor BNPHU
082 ## - NÚMERO DE LA CLASIFICACIÓN DECIMAL DEWEY
Número de clasificación xxxxx
Número de documento/Ítem S164s
049 ## - FONDOS LOCALES (OCLC)
Fondos de biblioteca BNGR
100 1# - ENTRADA PRINCIPAL--NOMBRE DE PERSONA
Nombre de persona Salgari, Emilio
9 (RLIN) 49215
245 13 - MENCIÓN DE TÍTULO
Título La soberana del campo de oro /
Mención de responsabilidad, etc. Emilio salgari.
260 ## - PUBLICACIÓN, DISTRIBUCIÓN, ETC.
Lugar de publicación, distribución, etc. Madrid :
Nombre del editor, distribuidor, etc. Doncel,
Fecha de publicación, distribución, etc. 1972.
300 ## - DESCRIPCIÓN FÍSICA
Extensión 179 p.
490 1# - MENCIÓN DE SERIE
Mención de serie Libro joven de bolsillo.
Designación de volumen o secuencia 34
500 ## - NOTA GENERAL
Nota general Incluye notas al pie de las páginas.
830 #0 - PUNTO DE ACCESO ADICIONAL DE SERIE-TÍTULO UNIFORME
Título uniforme Libro joven de bolsillo.
Número de parte o sección de la obra 34
9 (RLIN) 49216
Existencias
Estado de retiro Estado de pérdida Restricciones de uso No para préstamo Código de colección Localización permanente Ubicación/localización actual Ubicación en estantería Fecha de adquisición Número de inventario Total de préstamos Signatura topográfica completa Código de barras Fecha visto por última vez Precio válido a partir de Tipo de ítem Koha Número de copia
        Monografías: Libros y Folletos General General En catalogación 17.01.2011 LF1   xxxxx S164s 23919-10 25.06.2020 25.06.2020 Préstamo en sala  
      Préstamo restrigido Monografías: Libros y Folletos General General En catalogación 17.01.2011 LF1   xxxxx S164s 23919-20 25.06.2020 25.06.2020 Préstamo en sala e. 2
        Monografías: Libros y Folletos General General En catalogación 17.01.2011 LF1   xxxxx S164s 23919-30 25.06.2020 25.06.2020 Préstamo en sala e. 3

Con tecnología Koha